| 000 | 01568nam a2200481 i 4500 | ||
|---|---|---|---|
| 001 | 10171 | ||
| 003 | KOSZ 005 | ||
| 005 | 20191016113134.0 | ||
| 008 | 070620s1969 pl a f f |000 0 pol | ||
| 015 | _aPB 1969/5431 | ||
| 035 | _a991036634309705066 | ||
| 035 | _a(PL-WaBN)b19836600-48omnis_nlop | ||
| 035 | _ab19836600 | ||
| 035 | _a(OCoLC)839165902 | ||
| 035 | _a(PL)b0000001983660 | ||
| 035 | _a(EXLNZ-48OMNIS_NETWORK)9910101845305606 | ||
| 040 |
_aWA N _cWA N _dKOSZ 005/EG |
||
| 041 | _apol | ||
| 046 | _k1964 | ||
| 080 | _a54 | ||
| 080 | _a(075.8) | ||
| 100 | 1 |
_aGórski, Andrzej _d(1920-2017) _eAutor |
|
| 245 | 1 | 0 |
_aChemia ogólna : _bpodręcznik chemii ogólnej dla wyższych studiów technicznych / _cAndrzej Górski. |
| 250 | _aWyd. 3 zmien. | ||
| 260 |
_aWarszawa : _bPaństwowe Wydawnictwo Naukowe, _c1969. |
||
| 300 |
_a397, [2] s., 1 k. tabl. : _bil. ; _c23 cm. |
||
| 336 |
_2rdacontent _aTekst _btxt |
||
| 337 |
_2rdamedia _aBez urządzenia pośredniczącego _bn |
||
| 338 |
_2rdacarrier _aWolumin _bnc |
||
| 380 | _aKsiążki | ||
| 380 | _aPublikacje dydaktyczne | ||
| 385 |
_mPoziom nauczania _aSzkoły wyższe |
||
| 388 | _a1901-2000 | ||
| 388 | _a1945-1989 | ||
| 504 | _aIndeks s. 391-397 | ||
| 650 | 7 |
_aChemia _2DBN |
|
| 655 | 7 |
_aPodręczniki akademickie _2DBN |
|
| 658 | _aChemia | ||
| 710 | 2 | _aPaństwowe Wydawnictwo Naukowe | |
| 856 |
_uhttp://koha.tu.koszalin.pl/cgi-bin/koha/opac-detail.pl?biblionumber=10171 _yKatalog online BPK |
||
| 942 |
_2UKD _cKS |
||
| 999 |
_c10171 _d10171 |
||